000 00580nam a2200217Ia 4500
005 20250425162828.0
008 250425s9999 xx 000 0 und d
020 _a9789814280532
041 _aeng
082 _a551.5
_pSTE
100 _aSTEHR, NICO
245 0 _aCLIMATE AND SOCIETY: CLIMATE AS RESOURCE, CLIMATE AS RISK
250 _a1A. ED.
264 _aEstados Unidos, SAN BERNARDINO
_bWORLD SCIENTIFIC
_c2010.
300 _a141
650 _aCLIMATOLOGIA
650 _aPARAMETROS CLIMATOLOGICOS
700 _aSTORCH, HANS VON
942 _c01
010 _a110575
999 _c237265
_d237265